000 03186nam a22003257a 4500
001 TTS 0008
003 gtcocun
005 20260323171249.0
006 a||||gr|||| 00| 0
007 ta
008 260323b2025 gt ||||| m||| 00| 0 eng d
040 _agtcocun
_bSPA
_cgtcocun
_eRDA
041 _aSPA TTS 0008
084 _0TTS 0008
100 _aAguilar Balsells, Lesvia Edit
_eAutor
245 _a¿QUÉ ALCANCES Y LIMITACIONES ENCUENTRA LA JUVENTUD PARA MANIFESTARSE COMO ACTOR SOCIAL EN EL MARCO DE DEMOCRATIZACIÓ, A PARTIR DE LA FIRMA DE LOS ACUERDOS DE PAZ?/
_cLesvia Edit Aguilar Balsells.
_hImpreso
264 _aCobán, Alta Verapaz:
_bUniversidad de San Carlos de Guatemala, Centro Universitario del Norte, Carrera de Trabajo Social
_c2005
300 _a113 p.:
_bIlustraciones, gráficas.
_c28 cm;
300 _cPDF
336 _2rdacontenido
_aTexto
_btxt
337 _2rdamedio
_aComputadora
_bn
338 _2rdasoporte
_aCódigo en línea
_bcr
502 _aTesis de grado
_bCarrera de Trabajo Social,
_cUniversidad de San Carlos de Guatemala, Centro Universitario del Norte, Carrera de Trabajo Social
_d2005
_oTTS 0008
_eTTS 0008
520 1 4 _aLa tesis para optar al grado académico de Licenciatura en Trabajo Social, se desarrollo de acuerdo a los requisitos académicos que solicita la Carrera de Trabajo Social, del Centro Universitario del Norte, realizada en el área marginal de la cabecera municipal de Cobán, Alta Verapaz, en las comunidades La Nueva Esperanza, Petet, Esfuerzo I y II, Chajxucub, San José la Colonia, Cantón las Casas y Yalguó, a 67 jóvenes, entre 15 y 25 años, y 23 instituciones 3 de ellas gubernamentales y 20 no gubernamentales, resaltando en términos generales lo siguiente: El estatus socioeconómico de las familias de los jóvenes entrevistados, define en sí, un nivel de pobreza particular aunado a la mala calidad educativa que define el Ministerio de Educación; la carga ideológica religiosa es extenuante con rumbo de valorización fundamentalista acotando lo individual y descartando un enfoque comunitario de los valores ecuménicos de los jóvenes; La renovación valorativa de los jóvenes dependerá de la organización proyectada de las “políticas públicas gubernamentales, 1 en benéfico de las nuevas generaciones. Las personas entrevistadas vinculadas a las organizaciones no gubernamentales, tienen una idea confusa e inocua sobre los fenómenos sociales que afectan a los jóvenes hoy día; la ausencia de una política pública municipal por parte del gobierno local mantendrá una ignominia permanente sobre los jóvenes y una marcada anomia estatal que alejará la institucionalidad pública de las nuevas generaciones.
650 1 4 _2LEMB
_aCobán, Alta Verapaz
_xTrabajo Social
_xComunidades
_xEstatus socioeconómico
_xCarga ideológica
_xEnfoque comunitario
_xAnomia estatal
_xInstitucionalidad
700 _aLic. Carlos Enrique Arriola Avendaño
_eAsesor
856 _uhttps://drive.google.com/file/d/1XnPP-wD5FXc7FJpiG9UooXCS4YItNGU7/view
_yPDF
_zUn ejemplar en línea.
942 _2ddc
_cTES
_iTTS 0008
_kClasificación
_n0
_6TTS_0008_000000000000000
999 _c2734
_d2734